00429nam a2200181Ia 4500008004100000020001400041050001400055100001800069245002700087245002100114260001500135260001600150260000900166300001600175300002000191300001000211300002600221170918s9999 xx 000 0 und d a590443534 bK292 1967 aKeller, Helen 4aThe story of my life / cby Helen Keller. aNew York : bScholastic, c1967 a159 pages : billustrations ; c17cm. eScholastic biography.